Doklad účtovný - náležitosti
Na minha lista:
| Autor principal: | |
|---|---|
| Formato: | Capítulo de Livro |
| Idioma: | eslovaco |
| Tags: |
Sem tags, seja o primeiro a adicionar uma tag!
|
MARC
| LEADER | 00000naa$a2200000$$$4500 | ||
|---|---|---|---|
| 001 | 0060984 | ||
| 005 | 20240502071659.7 | ||
| 041 | 0 | |a slo | |
| 044 | |a SK | ||
| 245 | 1 | 0 | |a Doklad účtovný - náležitosti |c Eva Gazdagová |
| 100 | 1 | |a Gazdagová, Eva, 1957- | |